000 03256nab a2200361 i 4500
003 BR-BrBNA
005 20241024190437.0
008 241024b2019 bl.|r|pooa||| 00| 0 eng |
040 _aBR-BrBNA
_beng
072 _aL73
_b5213
072 _b5214
100 _aLiu, Y.H.
100 _aKang, Q.
100 _aYang, B.
100 _a Li, F.
100 _a Li, X.Q.
100 _aZhang, L.
100 _a Zhao, L.
245 _aPrevalence of bovine tuberculosis in the Aksu Region of Xinjiang, China, between 1985 and 2016
500 _aPublicação online; 14 ref.; Summaries (En, Pt)
520 _a ABSTRACT - Prevalence of bovine tuberculosis infection in cattle in Aksu Prefecture determined by intradermal tuberculin skin test (TST), between 1985 and 2016. Cattle were analyzed according to region, feeding pattern, herds and age. A total of 890,009 cattle were tested, with overall bovine tuberculosis prevalence of 0.13% (1172/890009). Statistically significant difference was found in feeding pattern and herds. Prevalence in cows (0.19%, 615/327022) was higher than that in beeves (P< 0.01, OR= 1.903, 95% CI = 1.696 to 2.134). Significant difference (P< 0.01; OR= 2.238, 95%; CI= 1.937 to 2.585) was evident for rates for bovine tuberculosis in the peasant household (0.12%, 942/802343) and farm groups (0.26%, 230/87666). The overall prevalence of bTB was decreased in the Aksu Prefecture, especially the positive rate was under 0.1% in 2010s. We concluded that the control measures forbovine tuberculosis in the Aksu region cattle herds are effective. Keywords: prevalence, bovine tuberculosis, aksu prefecture
520 _a RESUMO - Prevalência de infecção por tuberculose bovina em gado na prefeitura de Aksu determinada por teste cutâneo tuberculínico (TST) entre 1985 e 2016 foi avaliada. O gado foi analisado de acordo com região, padrão alimentar, rebanho e idade. Um total de 890009 animais foram testados, com prevalência de 0,13% de tuberculose bovina (1172/890009). Diferença estatisticamente significativa foi encontrada em padrão alimentar e rebanhos. Prevalência em vacas (0,19%, 615/327022) foi mais alta que em bois (P<0,01, OR= 1,903, 95% CI = 1,696 a 2,134). Diferenças significativas (P< 0,01; OR= 2,238, 95%; CI=1,937 a 2,585) foram evidentes em taxas para tuberculose bovina em casas de camponeses (0,12%, 942/802343) e grupos de fazendeiros (0,26%, 230/87666). A prevalência de bTB caiu na prefeitura Aksu, a taxa positiva se encontrava abaixo de 0.1% a partir de 2010. Conclui-se que as medidas de controle para tuberculose bovina na região de Aksu foram eficazes. Palavras-chave: prevalência, tuberculose bovina, aksu
650 _aPECUÁRIA
650 _aBOVINO
650 _aTUBERCULOSE
650 _aDOENÇA ANIMAL
650 _aSAÚDE PÚBLICA
650 _aCHINA
773 0 _01643
_9345608
_dBelo Horizonte-MG Universidade Federal de Minas Gerais - Escola de Veterinaria 1983
_o2024-6240
_tArquivo Brasileiro de Medicina Veterinária e Zootecnia (Brazil)
_x0102-0935
_gv. 71(2) p. 374-378; (2019)
_wBR2024002959
856 _uhttps://www.scielo.br/j/abmvz/a/HvTTpDMCFXPs8RBJkLnz99z/?format=pdf&lang=en
942 _cANA
999 _c328275
_d328275